<?xml version='1.0' encoding='UTF-8'?>
  <record xmlns="http://www.loc.gov/MARC21/slim">
    <leader>00000cam a2200000 i 4500</leader>
    <controlfield tag="001">ocm63912388</controlfield>
    <controlfield tag="003">OCoLC</controlfield>
    <controlfield tag="005">20251028020614.6</controlfield>
    <controlfield tag="008">840411s1612    ne            000 0 lat d</controlfield>
    <datafield tag="040" ind1=" " ind2=" ">
      <subfield code="a">NLGGC</subfield>
      <subfield code="b">dut</subfield>
      <subfield code="e">rda</subfield>
      <subfield code="e">dcrmb</subfield>
      <subfield code="c">NLGGC</subfield>
      <subfield code="d">L2U</subfield>
      <subfield code="d">OCLCQ</subfield>
      <subfield code="d">QGJ</subfield>
      <subfield code="d">QGE</subfield>
      <subfield code="d">OCLCA</subfield>
      <subfield code="d">QGJ</subfield>
      <subfield code="d">OCLCQ</subfield>
      <subfield code="d">OCLCO</subfield>
      <subfield code="d">QGE</subfield>
      <subfield code="d">QGJ</subfield>
      <subfield code="d">OCLCA</subfield>
      <subfield code="d">OCLCL</subfield>
      <subfield code="d">QGJ</subfield>
      <subfield code="d">OCLCA</subfield>
    </datafield>
    <datafield tag="026" ind1=" " ind2=" ">
      <subfield code="e">161204 - 1a1 &lt;***&gt;2 on, $ : 1a2 &lt;***&gt;3 dem - 1b1 A e : 1b2 2A3 qui$com - 2a1=2a2 &lt;***&gt;2 cæpi - 2b1 2B uo : 2b2 3H coadj</subfield>
      <subfield code="2">stcnf</subfield>
    </datafield>
    <datafield tag="029" ind1="0" ind2=" ">
      <subfield code="a">NLGGC</subfield>
      <subfield code="b">841021457</subfield>
    </datafield>
    <datafield tag="035" ind1=" " ind2=" ">
      <subfield code="a">(OCoLC)63912388</subfield>
    </datafield>
    <datafield tag="041" ind1="0" ind2=" ">
      <subfield code="a">lat</subfield>
    </datafield>
    <datafield tag="084" ind1=" " ind2=" ">
      <subfield code="a">11.52</subfield>
      <subfield code="2">bcl</subfield>
    </datafield>
    <datafield tag="100" ind1="1" ind2=" ">
      <subfield code="a">Beka, Johannes de,</subfield>
      <subfield code="c">clericus,</subfield>
      <subfield code="d">fl. 1346</subfield>
      <subfield code="1">https://id.oclc.org/worldcat/entity/E39PBJrchkFvhGH4rb9pYdk4bd</subfield>
    </datafield>
    <datafield tag="245" ind1="1" ind2="0">
      <subfield code="a">Historia vetervm episcoporvm Vltraiectinae sedis, &amp; comitvm Hollandiae, explicata Chronico Iohannis de Beca ... ab anno nativitatis Christi usque ad annum 1345. :</subfield>
      <subfield code="b">Et Historia Guilhelmi Hedae ... nunquam editi, completa Appendice usque ad annum Christi 1574. /</subfield>
      <subfield code="c">Auctore Svffrido Petri ... Bernardo Furmerio ... recencente, &amp; notis illustrante.</subfield>
    </datafield>
    <datafield tag="246" ind1="3" ind2=" ">
      <subfield code="a">Historia veterum episcoporum Ultrajectinae sedis, &amp; comitum Hollandiae, explicata Chronico Johannis de Beca ... ab anno nativitatis Christi usque ad annum 1345 ...</subfield>
    </datafield>
    <datafield tag="246" ind1="1" ind2="5">
      <subfield code="a">Historia episcoporum Trajectensium</subfield>
    </datafield>
    <datafield tag="246" ind1="3" ind2=" ">
      <subfield code="a">Historia veterum episcoporum Ultrajectinae sedis</subfield>
    </datafield>
    <datafield tag="260" ind1=" " ind2=" ">
      <subfield code="a">Franeqveræ, :</subfield>
      <subfield code="b">excudebat Rombertvs Doyema,</subfield>
      <subfield code="c">1612.</subfield>
    </datafield>
    <datafield tag="300" ind1=" " ind2=" ">
      <subfield code="a">[8], 1-189, [7], 193-426, [2] pagina's ;</subfield>
      <subfield code="c">in-4</subfield>
    </datafield>
    <datafield tag="336" ind1=" " ind2=" ">
      <subfield code="a">tekst</subfield>
      <subfield code="b">txt</subfield>
      <subfield code="2">rdacontent/dut</subfield>
    </datafield>
    <datafield tag="337" ind1=" " ind2=" ">
      <subfield code="a">zonder medium</subfield>
      <subfield code="b">n</subfield>
      <subfield code="2">rdamedia/dut</subfield>
    </datafield>
    <datafield tag="338" ind1=" " ind2=" ">
      <subfield code="a">band</subfield>
      <subfield code="b">nc</subfield>
      <subfield code="2">rdacarrier/dut</subfield>
    </datafield>
    <datafield tag="340" ind1=" " ind2=" ">
      <subfield code="a">papier</subfield>
      <subfield code="m">in-4</subfield>
    </datafield>
    <datafield tag="500" ind1=" " ind2=" ">
      <subfield code="a">*** 4, A-2A 4, 2 *** 2, 2B-3G 4, 3H 2 (3H2 blanco).</subfield>
    </datafield>
    <datafield tag="501" ind1=" " ind2=" ">
      <subfield code="a">Met afzonderlijk titelblad: Historia episcoporum Trajectensium, auctore VVilhelmo Heda ...</subfield>
    </datafield>
    <datafield tag="510" ind1="4" ind2=" ">
      <subfield code="a">STCN PPN</subfield>
      <subfield code="c">830312080</subfield>
    </datafield>
    <datafield tag="524" ind1="8" ind2=" ">
      <subfield code="a">Copy Hs 4 K 18, cite as: Universiteitsbibliotheek Utrecht Hs. 1893 (Hs 4 K 18)</subfield>
    </datafield>
    <datafield tag="530" ind1=" " ind2=" ">
      <subfield code="a">Titel is geselecteerd voor digitalisering voor de Universiteit van Amsterdam in het kader van het Google Books-project.</subfield>
    </datafield>
    <datafield tag="600" ind1="1" ind2="4">
      <subfield code="a">Beka, Johannes de,</subfield>
      <subfield code="d">1346 fl.</subfield>
      <subfield code="0">(NL-LeOCL)069144273</subfield>
    </datafield>
    <datafield tag="600" ind1="1" ind2="4">
      <subfield code="a">Heda, Wilhelmus,</subfield>
      <subfield code="d">ca. 1460-1525.</subfield>
      <subfield code="0">(NL-LeOCL)069900213</subfield>
    </datafield>
    <datafield tag="650" ind1=" " ind2="4">
      <subfield code="a">11.52 medieval Christianity.</subfield>
    </datafield>
    <datafield tag="650" ind1=" " ind2="7">
      <subfield code="a">11.52 medieval Christianity.</subfield>
      <subfield code="0">(NL-LeOCL)077594347</subfield>
      <subfield code="2">bcl</subfield>
    </datafield>
    <datafield tag="650" ind1="1" ind2="7">
      <subfield code="a">Bisschoppen.</subfield>
      <subfield code="2">gtt</subfield>
      <subfield code="0">(NL-LeOCL)078454603</subfield>
    </datafield>
    <datafield tag="650" ind1="1" ind2="7">
      <subfield code="a">Utrecht (bisdom)</subfield>
      <subfield code="2">gtt</subfield>
      <subfield code="0">(NL-LeOCL)078699738</subfield>
    </datafield>
    <datafield tag="600" ind1="1" ind2="7">
      <subfield code="a">Beka, Johannes de,</subfield>
      <subfield code="d">1346 fl.</subfield>
      <subfield code="0">(NL-LeOCL)069144273</subfield>
      <subfield code="2">nta</subfield>
    </datafield>
    <datafield tag="600" ind1="1" ind2="7">
      <subfield code="a">Heda, Wilhelmus,</subfield>
      <subfield code="d">ca. 1460-1525.</subfield>
      <subfield code="0">(NL-LeOCL)069900213</subfield>
      <subfield code="2">nta</subfield>
    </datafield>
    <datafield tag="700" ind1="1" ind2=" ">
      <subfield code="a">Petrus, Suffridus,</subfield>
      <subfield code="d">1527-1597</subfield>
      <subfield code="1">https://id.oclc.org/worldcat/entity/E39PBJgcYBd4YMQgPpTDwkDwmd</subfield>
    </datafield>
    <datafield tag="700" ind1="1" ind2=" ">
      <subfield code="a">Heda, Wilhelmus,</subfield>
      <subfield code="d">ca. 1460-1525</subfield>
      <subfield code="1">https://id.oclc.org/worldcat/entity/E39PBJghrQG8mTtyTJjkyvfKBP</subfield>
    </datafield>
    <datafield tag="700" ind1="1" ind2=" ">
      <subfield code="a">Furmerius, Bernardus</subfield>
      <subfield code="q">(Bernardus Gerbrandus),</subfield>
      <subfield code="d">1542-1616</subfield>
      <subfield code="1">https://id.oclc.org/worldcat/entity/E39PBJwmXrYhrgY8G3mVyTJdQq</subfield>
    </datafield>
    <datafield tag="710" ind1="1" ind2=" ">
      <subfield code="a">Doyema, Rombertus (Franeker)</subfield>
      <subfield code="4">prt</subfield>
      <subfield code="0">(NL-LeOCL)077160266</subfield>
    </datafield>
    <datafield tag="752" ind1=" " ind2=" ">
      <subfield code="a">Nederland</subfield>
      <subfield code="d">Franeker</subfield>
      <subfield code="e">plaats van uitgave</subfield>
      <subfield code="4">pup</subfield>
    </datafield>
    <datafield tag="776" ind1="0" ind2=" ">
      <subfield code="t">Historia veterum episcoporum Ultrajectinæ sedis, &amp; comitum Hollandiæ, explicata Chronico Johannis de Beca ... ab anno nativitatis Christi usque ad annum 1345 ...</subfield>
      <subfield code="w">(NL-LeOCL)377538469</subfield>
    </datafield>
    <datafield tag="776" ind1="0" ind2=" ">
      <subfield code="t">Historia veterum episcoporum Ultrajectinæ sedis, &amp; comitum Hollandiæ, explicata Chronico Johannis de Beca ... ab anno nativitatis Christi usque ad annum 1345 ...</subfield>
      <subfield code="w">(NL-LeOCL)396996612</subfield>
    </datafield>
    <datafield tag="776" ind1="0" ind2=" ">
      <subfield code="t">Historia veterum episcoporum Ultrajectinæ sedis, &amp; comitum Hollandiæ, explicata Chronico Johannis de Beca ... ab anno nativitatis Christi usque ad annum 1345 ...</subfield>
      <subfield code="w">(NL-LeOCL)404385761</subfield>
    </datafield>
    <datafield tag="776" ind1="0" ind2=" ">
      <subfield code="t">Historia veterum episcoporum Ultrajectinæ sedis, &amp; comitum Hollandiæ, explicata Chronico Johannis de Beca ... ab anno nativitatis Christi usque ad annum 1345 ...</subfield>
      <subfield code="w">(NL-LeOCL)407272879</subfield>
    </datafield>
  </record>